FIFA 22 TOTY - Statistics

General Stats
  • This quiz has been taken 1,669 times
    1,652 since last reset
  • The average score is 11 of 12
Answer Stats
Club Position Rating Answer % Correct
PSG GK 96 Gianluigi Donnarumma
98%
PSG ST 97 Kylian Mbappe
98%
Man United ST 97 Cristiano Ronaldo
97%
Man City CM 96 Kevin De Bruyne
97%
PSG RW 98 Lionel Messi
97%
PSG RB 93 Achraf Hakimi
96%
Chelsea CDM 96 N'golo Kante
95%
Bayern Munich ST 98 Robert Lewandowski
95%
Man City CB 97 Ruben Dias
95%
PSG CB 95 Marquinhos
92%
Man City LB 94 Joao Cancelo
90%
Chelsea CM 97 Jorginho
84%
No matching quizzes found
Score Distribution
Percent of People with Each Score
Percentile by Number Answered
Your Score History
You have not taken this quiz since the last reset